000 00818nam a22002177a 4500
005 20230323071857.0
008 230323b |||||||| |||| 00| 0 eng d
020 _a971-42-0332-5
082 _aFil. 499.211 R438 2003
100 _aTanawan, Dolores S.
_eauthor
245 _aRetorika:
_bmabisang pagpapahayag sa kolehiyo /
_cDolores S. Tanawan, Anita Arabejo-Nacin, Felisa Moratilla-Recorba, Jane Kibla-Lartec
260 _aBulacan, PH:
_bTrinitas Publishing,
_cc2003
300 _a189p.
541 _e2270 c.1, 2271 c.2, 3102 c.3, 3103 c.4
650 _aFilipino language - Rhetoric
650 _aFilipino language - Composition and exercises
650 _aFilipino language - Study and teaching
700 _aNacin, Anita A.
_eauthor
700 _aRecorba, Felisa M.
_eauthor
700 _aLartec, Jane K.
_eauthor
999 _c1976
_d1976